| 000 | 00745nas a2200241 4500 | ||
|---|---|---|---|
| 001 | BR8807304 | ||
| 003 | BR-BrBNA | ||
| 005 | 20231205091406.0 | ||
| 007 | ta | ||
| 008 | 230509b bl.|||p| |||| 00| 00por d | ||
| 040 |
_aBR-BrBNA _bpor _cBiblioteca Nacional de Agricultura |
||
| 041 | _a(Pt) | ||
| 072 | _aQ02 | ||
| 100 | 1 | _aFerreira, C.L. de L.F. | |
| 245 | 1 | _aA cultura latica como adjunto dietetico | |
| 650 | _aACIDO LATICO | ||
| 650 | _aBACTERIA | ||
| 650 | _aIOGURTE | ||
| 650 | _aPRODUTO DERIVADO DO LEITE | ||
| 773 | 0 |
_tInforme Agropecuario - Empresa de Pesquisa Agropecuaria de Minas Gerais (Brazil) _xISSN 0100-3364 _g(1988), v. 13(155) p. 43-45 _wBR8807304 |
|
| 909 |
_a202311 _bLúcia _c55 _dLúcia Elande |
||
| 942 |
_2AGRIS _n0 _cANA |
||
| 999 |
_c124767 _d124767 |
||